000 00692nam a2200205Ia 4500
005 20260121110344.0
008 008 260114s9999 xx 000 0 hin d
020 _a9788132361619
037 _aEBOOK
040 _aCRL
_bhin
_cCRL
041 _ahin
_2hin
084 _qCRL
100 _aज्योति पुष्कर / Jyoti Pushkar
_9945154
245 0 _aध्यान, तप एवं कुण्डलिनी जागरण / Dhyan, tap aur kundalini jagran
260 _bभाषा प्रकाशन / Bhasha Prakashan
_c2021
856 _uhttps://bhashaprakashan.com/product-details/379112
942 _cEBOOK
999 _c1536818
_d1536818